War & Warfare / text editors : Michael March and Bender Richardson White
| Μορφή: | Βιβλίο |
|---|---|
| Γλώσσα: | English |
| Έκδοση: |
London /
Hodder Headline Plc ,
2000
|
| LEADER | 00469nam a22000857a 4500 | ||
|---|---|---|---|
| 008 | 180425s2000 xxk||||| |||| 00| 0 eng d | ||
| 245 | 1 | 0 | |a War & Warfare / |b text editors : Michael March and Bender Richardson White |
| 260 | |a London / |b Hodder Headline Plc , |c 2000 | ||
| 952 | |0 0 |1 0 |2 ddc |4 0 |6 300_000000000000000_ZHU_ΣΥ_Κ |7 0 |9 221640 |a ARCH |b ARCH |c DON |d 2018-04-25 |i 011888 |l 0 |o 300 ZHU ΣΥ.Κ |p 025000203333 |r 2018-04-25 00:00:00 |w 2018-04-25 |y BKD |z Συλλογή Κασιμάτη | ||
| 999 | |c 133926 |d 133926 | ||